Vexed and troubled Englishmen, 1590-1642 /

محفوظ في:

المؤلف الرئيسي: Bridenbaugh, Carl (مؤلف)

التنسيق: كتاب

اللغة: English

منشور في: New York : Oxford University Press, 1968, [c1967].

سلاسل: The Beginnings of the American people ; 1.

الموضوعات:

الوسوم: إضافة وسم

لا توجد وسوم, كن أول من يضع وسما على هذه التسجيلة!

رقم الطلب: DA390 .B7 1968

LEADER 00916nam a2200301 4500
001 6283
003 OSt
005 20251210090033.0
008 130303t19681967nyu b 000 0 eng d
010 |a 68017604 
015 |a GB68-16712 
020 |a 0198213786 
029 1 |a UKM  |b b6816712 
035 |a ocm00398587 
040 |c ARCE Library 
043 |a ee-uk--- 
050 4 |a DA390 .B7 1968 
100 1 |a Bridenbaugh, Carl,  |e author  |9 27285 
245 1 0 |a Vexed and troubled Englishmen, 1590-1642 /  |c Carl Bridenbaugh. 
264 1 |a New York :  |b Oxford University Press,  |c 1968, [c1967]. 
300 |a xix, 487 pages ;  |c 24 cm. 
490 0 |a The Beginnings of the American people ;   |v 1. 
504 |a Includes bibliographical references. 
651 0 |a Great Britain  |x History  |y Early Stuarts, 1603-1649. 
651 0 |a Great Britain  |x Emigration and immigration. 
901 |a reviewed 
942 |c BK  |2 lcc 
999 |c 4938  |d 4938